Responses for Show #4028 - Wednesday, February 20, 2002

Contestants

[<< previous game]

Scott Humphrey, an attorney from Austin, Texas

Lisa Korn, an elementary school teacher from Los Angeles, California

Alex Boisvert, a graduate student from Los Angeles, California (whose 2-day cash winnings total $34,400)

[next game >>]

Jeopardy! Round responses

SOUTH AMERICAN SAFARI
THEY HAVE A UNION
PANCREAS, SPLEEN OR APPENDIX
"Y" ME
PEACHES & HERB
REUNITED
    $200 1
monkey

Alex
    $200 16
Washington, D.C.

Scott
    $200 11
(Scott: What is a spleen?)

appendix

AlexScott
    $200 4
Yellow Pages

Alex
    $200 22
(Alex Trebek: Yes, minute to go.)

Atlanta

Alex
    $200 17
Eagles

Scott
    $400 2
piranha

Alex
    $400 25
flight attendants

Alex
    $400 12
spleen

Lisa
    $400 7
yodeling

Lisa
    $400 23
nectarine

Alex
    $400 18
Grumpy Old Men

Lisa
    $600 3
fire ants

Lisa
    $600 28
Carpenters

Triple Stumper
    $600 13
pancreas

Alex
    $600 8
(Lisa: What is a yacht?)

yawl

Lisa
Triple Stumper
    $600 24
Peach Melba

Scott
    $1,000 19
Dean Martin & Jerry Lewis

Lisa
    $800 5
(Lisa: What are their [*]?)
[Lisa was ruled incorrect and the decision was reversed after the break.]

*tails (claws)

Lisa
    $800 29
[The end of the round signal sounds.]

Firefighters

Scott
    $800 14
appendix

Lisa
    $800 9
(Alex Boisvert: What's a yak?)

yeti

Alex
Triple Stumper
    $800 26
Roald Dahl

Alex
    $800 20
The Guess Who

Triple Stumper
    $1000 6
viper

Triple Stumper
    $1000 15
pancreas

Alex
    $1000 10
Yemen

Alex
    $1000 27
Herbert Hoover

Scott
    $1000 21
Diane Keaton

Lisa

Scores at the first commercial break (after clue 13):

Alex Lisa Scott
$1,800 $1,600 -$200

Scores at the end of the Jeopardy! Round:

Alex Lisa Scott
$4,600 $4,800 $2,600

Double Jeopardy! Round responses

FORMER CAPITALS
'80s TV
WHAT CENTURY ARE YOU LIVING IN?
GEMS
FICTIONAL CHARACTERS
BEFORE & AFTER
    $400 1
Helsinki

Alex
    $400 6
(Jim) Lehrer

Alex
    $400 21
(Alex Trebek: [After reading the clue and no one immediately rings in] What century?)
...
(Alex Trebek: He was an Impressionist --
hence the [*] century. About a minute to go, Scott.)

19th

Triple Stumper
    $400 15
pearls

Alex
    $400 23
(Scott: Who is Salinger?)

F. Scott Fitzgerald

Scott
Triple Stumper
    $400 7
Bill Gates of Hell

Alex
    $800 2
Texas

Alex
    $800 11
Gidget

Lisa
    $800 22
(Alex Boisvert: What is the 17th century?)

16th century

AlexLisa
    $800 16
Michigan

Lisa
    $800 24
Achilles

Lisa
    $800 8
On the Road rage

Alex
    $2,200 3
(Alex Boisvert: What is Egypt?)

Ethiopia

Alex
    $1200 12
Tracy Pollan

Lisa
    $1200 27
(Scott: What is the 18th?)
(Lisa: What is the 19th?)
...
[The end of the round signal sounds.]

17th

AlexLisaScott
    $1200 17
emeralds

Alex
    $1200 25
(Willa) Cather

Scott
    $1200 9
It's a Small World Wrestling Federation

Alex
    $1600 4
(Lisa: What is Manila?)

Quezon City

LisaScott
    $1600 13
Fraggle Rock

Alex
    $1600 18
Edward VII

Scott
    $1600 26
John Cheever

Triple Stumper
    $1600 10
Divine Comedy of Errors

Scott
    $2000 5
(Alex Boisvert: What's Marrakesh?)

Samarkand

Alex
Triple Stumper
    $1,000 20
Odd Couple

Scott
    $2000 19
(Scott: What is New Hampshire?)

Colorado

Scott
Triple Stumper
    $2000 14
The Invisible Man of La Mancha

Triple Stumper

Scores at the end of the Double Jeopardy! Round:

Alex Lisa Scott
$8,000 $6,400 $6,000

[wagering suggestions for these scores]

Final Jeopardy! Round responses

2000 FILMS
ScottWhat is Gladiator?
$2,000
LisaWhat is "Gladiator"?
$6,100
AlexWhat is Gladiator?
$5,000
Gladiator

Final scores:

Alex Lisa Scott
$13,000 $12,500 $8,000
3-day champion: $47,400 2nd place: London theatre getaway by Collette Vacations 3rd place: trip to Hawaii by Pleasant Holiday & stay at Outrigger Hotel in Waikiki

Game dynamics:

Coryat scores:

Alex Lisa Scott
$10,200 $6,000 $7,000
21 R,
4 W
(including 1 DD)
13 R
(including 1 DD),
3 W
10 R
(including 1 DD),
4 W

Combined Coryat: $23,200

[game clues] [game scores] [suggest correction]

Game tape date: 2001-11-27
The J! Archive is created by fans, for fans. Scraping, republication, monetization, and malicious use prohibited; this site may use cookies and collect identifying information. See terms. The Jeopardy! game show and all elements thereof, including but not limited to copyright and trademark thereto, are the property of Jeopardy Productions, Inc. and are protected under law. This website is not affiliated with, sponsored by, or operated by Jeopardy Productions, Inc. Join the discussion at JBoard.tv.